A Student's guide to presentations : (Record no. 16130)
[ view plain ]
| 000 -LEADER | |
|---|---|
| fixed length control field | 02244cam a2200409 a 4500 |
| 001 - CONTROL NUMBER | |
| control field | 14670003 |
| 003 - CONTROL NUMBER IDENTIFIER | |
| control field | EG-ScBUE |
| 005 - DATE AND TIME OF LATEST TRANSACTION | |
| control field | 20200119120330.0 |
| 008 - FIXED-LENGTH DATA ELEMENTS--GENERAL INFORMATION | |
| fixed length control field | 061214r20102007enka f b 001 0 eng d |
| 020 ## - INTERNATIONAL STANDARD BOOK NUMBER | |
| International Standard Book Number | 9780761943686 |
| 020 ## - INTERNATIONAL STANDARD BOOK NUMBER | |
| International Standard Book Number | 9780761943693 |
| 035 ## - SYSTEM CONTROL NUMBER | |
| System control number | (OCoLC)ocn144530429 |
| 040 ## - CATALOGING SOURCE | |
| Original cataloging agency | UKM |
| Language of cataloging | eng |
| Description conventions | rda |
| Transcribing agency | UKM |
| Modifying agency | BTCTA |
| -- | BAKER |
| -- | YDXCP |
| -- | BWKUK |
| -- | BWK |
| -- | CS1 |
| -- | DLC |
| -- | EG-ScBUE |
| 082 04 - DEWEY DECIMAL CLASSIFICATION NUMBER | |
| Classification number | 808.51024378 |
| Item number | CHI |
| Edition number | 22 |
| 100 1# - MAIN ENTRY--PERSONAL NAME | |
| Personal name | Chivers, Barbara, |
| Relator term | author. |
| 9 (RLIN) | 27487 |
| 245 12 - TITLE STATEMENT | |
| Title | A Student's guide to presentations : |
| Remainder of title | making your presentation count / |
| Statement of responsibility, etc | Barbara Chivers, Michael Shoolbred. |
| 250 ## - EDITION STATEMENT | |
| Edition statement | Reprinted edition. |
| 264 #1 - PUBLICATION, DISTRIBUTION, ETC. (IMPRINT) | |
| Place of publication, distribution, etc | London : |
| Name of publisher, distributor, etc | SAGE Publications Ltd, |
| Date of publication, distribution, etc | 2010. |
| 300 ## - PHYSICAL DESCRIPTION | |
| Extent | x, 166 pages : |
| Other physical details | illustrations ; |
| Dimensions | 25 cm. |
| 336 ## - CONTENT TYPE | |
| Content type term | text |
| Content type code | txt |
| Source | rdacontent |
| 337 ## - MEDIA TYPE | |
| Media type term | unmediated |
| Media type code | n |
| Source | rdamedia |
| 338 ## - CARRIER TYPE | |
| Carrier type term | volume |
| Carrier type code | nc |
| Source | rdacarrier |
| 490 0# - SERIES STATEMENT | |
| Series statement | Sage essential study skills |
| 500 ## - GENERAL NOTE | |
| General note | Includes appendices. |
| 504 ## - BIBLIOGRAPHY, ETC. NOTE | |
| Bibliography, etc | Includes bibliographical references and index. |
| 505 0# - FORMATTED CONTENTS NOTE | |
| Formatted contents note | Why do a presentation? -- What makes an effective presentation? -- Improving individual performance -- Presenting as part of a group -- Ten steps for preparing your presentation -- Understanding your audience -- Developing content and structure -- Creating audiovisual aids and handouts -- Using PowerPoint effectively -- Learning from presentations -- Delivering a presentation as part of an interview -- Presenting numbers effectively -- Copyright and plagiarism -- Presentation skills guidelines |
| 520 ## - SUMMARY, ETC. | |
| Summary, etc | Are you daunted by the prospect of doing a presentation or just keen to improve your presentation skills? This book gives you a detailed guide to the preparation and delivery of both individual and . |
| 650 #7 - SUBJECT ADDED ENTRY--TOPICAL TERM | |
| Topical term or geographic name as entry element | Public speaking. |
| Source of heading or term | BUEsh |
| 9 (RLIN) | 27489 |
| 650 #7 - SUBJECT ADDED ENTRY--TOPICAL TERM | |
| Topical term or geographic name as entry element | Oral communication |
| General subdivision | Study and teaching (Higher) |
| Source of heading or term | BUEsh |
| 9 (RLIN) | 27490 |
| 650 #7 - SUBJECT ADDED ENTRY--TOPICAL TERM | |
| Topical term or geographic name as entry element | Dissertations, Academic. |
| Source of heading or term | BUEsh |
| 9 (RLIN) | 27491 |
| 653 ## - INDEX TERM--UNCONTROLLED | |
| Resource For college | Humanities: English |
| Arrived date list | October2011 |
| 655 ## - INDEX TERM--GENRE/FORM | |
| Form subdivision | Reading book |
| 700 1# - ADDED ENTRY--PERSONAL NAME | |
| Personal name | Shoolbred, Michael, |
| Relator term | author. |
| 9 (RLIN) | 27492 |
| 856 42 - ELECTRONIC LOCATION AND ACCESS | |
| Materials specified | Publisher description |
| Uniform Resource Identifier | <a href="http://www.loc.gov/catdir/enhancements/fy0814/2006940400-d.html">http://www.loc.gov/catdir/enhancements/fy0814/2006940400-d.html</a> |
| 856 41 - ELECTRONIC LOCATION AND ACCESS | |
| Materials specified | Table of contents only |
| Uniform Resource Identifier | <a href="http://www.loc.gov/catdir/enhancements/fy0814/2006940400-t.html">http://www.loc.gov/catdir/enhancements/fy0814/2006940400-t.html</a> |
| 942 ## - ADDED ENTRY ELEMENTS (KOHA) | |
| Source of classification or shelving scheme | Dewey Decimal Classification |
| Koha item type | Book - Borrowing |
| Withdrawn status | Lost status | Source of classification or shelving scheme | Damaged status | Not for loan | Collection code | Home library | Current library | Shelving location | Date acquired | Source of acquisition | Total Checkouts | Total Renewals | Full call number | Barcode | Date last seen | Date checked out | Price effective from | Koha item type |
|---|---|---|---|---|---|---|---|---|---|---|---|---|---|---|---|---|---|---|
| Dewey Decimal Classification | Baccah | Central Library | Central Library | Second Floor | 10/10/2011 | 3 | 3 | 808.51024378 CHI | 000025322 | 15/07/2025 | 20/02/2018 | 10/10/2011 | Book - Borrowing | |||||
| Dewey Decimal Classification | Baccah | Central Library | Central Library | Second Floor | 10/10/2011 | 808.51024378 CHI | 000025321 | 15/07/2025 | 10/10/2011 | Book - Borrowing | ||||||||
| Dewey Decimal Classification | Baccah | Central Library | Central Library | Second Floor | 10/10/2011 | 2 | 1 | 808.51024378 CHI | 000025320 | 15/07/2025 | 23/11/2023 | 10/10/2011 | Book - Borrowing | |||||
| Dewey Decimal Classification | Baccah | Central Library | Central Library | Second Floor | 10/10/2011 | 3 | 6 | 808.51024378 CHI | 000025319 | 15/07/2025 | 10/01/2019 | 10/10/2011 | Book - Borrowing |